| 000 | 01539nam a22002897a 4500 | ||
|---|---|---|---|
| 003 | OSt | ||
| 005 | 20210320114355.0 | ||
| 008 | 210320s1996 eu aodbgr|||| 001 0 eng d | ||
| 020 | _a0134570294 | ||
| 040 |
_aCO-JMCR _cCO-JMCR |
||
| 041 | 0 | _aeng | |
| 082 | 0 | 4 |
_a333.7 / _bC886r _223 |
| 100 | 1 |
_aCraig, James R., _eautor _936383 |
|
| 245 | 1 | 0 |
_aResources of the earth : _borigin, use, and environmental impact / _cJames R. Craig, David J. Vaughan, Brian J. Skinner. |
| 250 | _aSecond Edition | ||
| 260 |
_aNew Jersey : _bPrentice Hall, _c1996 |
||
| 300 |
_aviii, [8] láminas sin numerar, 472 páginas : _bilustraciones, fotografías, gráficas y mapas a color y a blanco y negro ; _c28 cm. |
||
| 500 | _aIncluye glosario e índice alfabético. | ||
| 505 | 0 | _aMinerals: the foundations of society -- The origis of Mineral Resources -- Earth´s Resources Through history -- Environmental impacts of resourse exploitation and use -- Energy from fossil fuets -- Energy for the future nuclear power and other possible alternatives -- Abundant metals -- The geochemically scarce metals -- Fertilizer and chemical minerals -- Building materials and other industrial minerals -- Water resources -- Soil as a resource -- Future resource | |
| 650 | 1 | 4 |
_aRecursos naturales _9308 |
| 650 | 2 | 4 |
_aPolítica ambiental _936384 |
| 650 | 2 | 4 |
_aConservación de los recursos naturales _936385 |
| 650 | 2 | 4 |
_aImpacto ambiental _936386 |
| 700 | 1 |
_aVaughan, David J., _eautor _936387 |
|
| 700 | 1 |
_aSkinner, Brian J., _eautor _936388 |
|
| 942 |
_2ddc _cBK |
||
| 999 |
_c15452 _d15452 |
||